000 00579nam a2200193Ia 4500
005 20250923144615.0
008 008 250917s9999 xx 000 0 eng d
037 _aTextual
040 _aDSWL
_beng
_cDSWL
041 _aeng
_2eng
084 _aLogC9B3, N56
_qDSWL
245 0 _aHazards to man of nuclear and allied radiations
_cby Her Majesty's Stationary Office
260 _aLondon
_bHer Majesty's Stationery Office
_c1956
300 _avii,128p.
365 _aINR
_b4.40
925 _g4.40
942 _cTEXL
_hLogC9B3, N56
999 _c1441098
_d1441098